000 00557 a2200193 4500
005 20240503125719.0
010 _aB-758855
020 _a8170249430
_c400.00
035 _aB-758855
037 _bGift/Unesco
082 _a342.54085
100 _aSen, Sankar
_965608
245 _aHuman Rights min a Developing Society /
_bSankar Sen
260 _aNew Dilhi
_bAPH
_c1998
270 _aNew Delhi
300 _a293 p.;
_c22cm. (Hb)
942 _adpl
_cEN
_2ddc
_h342.54085
_mSEN
999 _c202630
_d202630